Unlocking investment to deliver Britain's low carbon future (Record no. 82482)

MARC details
000 -LEADER
fixed length control field 01190cad a22002055a 4500
001 - CONTROL NUMBER
control field L150375
008 - FIXED-LENGTH DATA ELEMENTS--GENERAL INFORMATION
fixed length control field 100707e2010 xxk 000 0 eng d
035 ## - SYSTEM CONTROL NUMBER
System control number (Sirsi) u150375
041 0# - LANGUAGE CODE
Language code of text/sound track or separate title eng
050 ## - LIBRARY OF CONGRESS CALL NUMBER
Classification number 333.72 $1 8
110 2# - MAIN ENTRY--CORPORATE NAME
Corporate name or jurisdiction name as entry element Green Investment Bank Commission
245 00 - TITLE STATEMENT
Title Unlocking investment to deliver Britain's low carbon future
Remainder of title report
Medium [electronic resource]
260 ## - PUBLICATION, DISTRIBUTION, ETC.
Place of publication, distribution, etc. London
Name of publisher, distributor, etc. GIBC
Date of publication, distribution, etc. 2010
520 ## - SUMMARY, ETC.
Summary, etc. Green Investment Bank (GIB), an independent advisory group, identifies how the UK can more effectively support investment from the private sector to assist Britain's transition to a low carbon economy; proposals; glossary of investment terms; green investment challenge; renewable energy; country comparisons; barriers.
590 ## - LOCAL NOTE (RLIN)
Local note KA NTK
651 #4 - SUBJECT ADDED ENTRY--GEOGRAPHIC NAME
Geographic name United Kingdom
Chronological subdivision
690 ## - LOCAL SUBJECT ADDED ENTRY--TOPICAL TERM (OCLC, RLIN)
Topical term or geographic name as entry element ENVIRONMENTAL AND LAND CONSULTANCY-ENERGY-ENERGY USE-ENERGY EFFICIENCY
856 48 - ELECTRONIC LOCATION AND ACCESS
Uniform Resource Identifier <a href="https://www.climatechangecapital.com/media/108890/unlocking%20investment%20to%20deliver%20britain's%20low%20carbon%20future%20-%20green%20investment%20bank%20commission%20report%20-%20final%20-%20june%202010.pdf">https://www.climatechangecapital.com/media/108890/unlocking%20investment%20to%20deliver%20britain's%20low%20carbon%20future%20-%20green%20investment%20bank%20commission%20report%20-%20final%20-%20june%202010.pdf</a>
Public note View the website free of charge at www.climatechangecapital.com
942 ## - ADDED ENTRY ELEMENTS (KOHA)
Suppress in OPAC 0
Holdings
Withdrawn status Lost status Source of classification or shelving scheme Damaged status Not for loan Home library Current library Shelving location Date acquired Total Checkouts Full call number Barcode Date last seen Copy number Price effective from Koha item type
    Dewey Decimal Classification     Virtual Virtual Online 07/07/2010   ONLINE PUBLICATION 150375-2001 06/08/2019 1 06/08/2019 Book